000 00736nam a2200217 a 4500
001 000041193
005 20201002034709.0
008 130925s1985 sp 000 0 spa d
020 _a8400060482
040 _aDO-SdBNP
_bspa
_cBNPHU
082 _axxxx
_bxxxx
100 1 _aBarcala Muñoz, Andrés
_966066
245 1 0 _aCensuras inquisitoriales a las obras de P. Tamburini y al sinodo de pistoya /
_cAndrés Barcala Muñoz.
260 _aMadrid, :
_bCSIC,
_c1985.
300 _a432 p. :
_b24 cm.
490 1 _aBiblioteca theologica hispana
_v2
490 1 _aTextos
_v4
504 _aIncluye referencias bibliográficas y notas al pie de las páginas
830 0 _aBiblioteca theologica hispana
_n2
_967765
830 0 _aTextos
_n4
_936360
999 _c40683
_d40683